LEGO The Big Bang Theory: Minifigures by Picture - Statistics

General Stats
  • This quiz has been taken 73 times
  • The average score is 7 of 7
Answer Stats
Picture Answer % Correct
Sheldon Cooper
98%
Amy Farrah Fowler
95%
Howard Wolowitz
95%
Penny Hofstander
95%
Raj Koothrappali & Cinnamon
94%
Bernadette Rostenkowski-Wolowitz
91%
Leonard Hofstadter
89%
No matching quizzes found
Score Distribution
Percent of People with Each Score
Percentile by Number Answered
Your Score History
You have not taken this quiz